000 01917nam a2200313Ki 4500
001 on1112702193
003 OCoLC
005 20201110125631.0
008 190822s2019 nyuaf d 000 1 eng d
020 _a9781534425330
_q(hardcover)
020 _a1534425330
_q(hardcover)
035 _a(OCoLC)1112702193
040 _aLPU
_beng
_erda
_cLPU
049 _aUOKA
092 _aYA WHEELER 2019
100 1 _aWheeler, Thomas
_c(Screenwriter)
_927371
245 1 0 _aCursed /
_cwritten by Thomas Wheeler ; illustrated by Frank Miller ; coloring by Tula Latoy.
250 _aFirst edition.
300 _a408 pages, 6 unnumbered leaves of plates :
_billustrations (some color) ;
_c24 cm
520 _a"Nimue grew up an outcast. Her connection to dark magic made her something to be feared in her Druid village, and that made her desperate to leave. That is, until her entire village is slaughtered by Red Paladins, and Nimue's fate is forever altered. Charged by her dying mother to reunite an ancient sword with a legendary sorcerer, Nimue is now her people's only hope. Her mission leaves little room for revenge, but the growing power within her can think of little else. Nimue teams up with a charming mercenary named Arthur and refugee Fey Folk from across England. She wields a sword meant for the one true king, battling paladins and the armies of a corrupt king. She struggles to unite her people, avenge her family, and discover the truth about her destiny. But perhaps the one thing that can change Destiny itself is found at the edge of a blade"--Amazon.com.
600 0 0 _aArthur,
_cKing
_vJuvenile fiction.
_927372
650 0 _aDruids and druidism
_vJuvenile fiction.
_927373
650 0 _aFairies
_vJuvenile fiction
_927374
655 0 _aYoung adult fiction.
_927375
700 1 _aMiller, Frank,
_d1957-
_eillustrator.
_927376
700 1 _aLatoy, Tula
_927377
942 _2ddc
_cBK
999 _c126886
_d126886
999 _b03481816